Malasaña / (Record no. 196769)

MARC details
000 -LEADER
campo de control de longitud fija 01533nam a2200397 i 4500
001 - NÚMERO DE CONTROL
campo de control 196769
003 - IDENTIFICADOR DE NÚMERO DE CONTROL
campo de control ES-MaACL
005 - FECHA Y HORA DE LA ÚLTIMA TRANSACCIÓN
campo de control 20250825062706.0
008 - DATOS DE LONGITUD FIJA--INFORMACIÓN GENERAL
campo de control de longitud fija 241114s2013 sp a | |||| 000 0 spa
015 ## - NÚMERO DE BIBLIOGRAFÍA NACIONAL
Número de bibliografía nacional MON13
017 ## - NÚMERO DE COPYRIGHT O DE DEPÓSITO LEGAL
Número de copyright o de depósito legal M 4005-2013
Agencia que asigna Oficina Depósito Legal Madrid
020 ## - NÚMERO INTERNACIONAL ESTÁNDAR DEL LIBRO
Número Internacional Estándar del Libro 9788415801009
035 ## - NÚMERO DE CONTROL DEL SISTEMA
Número de control de sistema (OCoLC)864291285
035 ## - NÚMERO DE CONTROL DEL SISTEMA
Número de control de sistema (SpMaBN)a5376949
040 ## - FUENTE DE CATALOGACIÓN
Centro catalogador/agencia de origen SpMaBN
Lengua de catalogación spa
Centro/agencia transcriptor SpMaBN
Normas de descripción rdc
080 ## - NÚMERO DE LA CLASIFICACIÓN DECIMAL UNIVERSAL
Número de la Clasificación Decimal Universal 94(460.27 M.-21 Universidad)
100 1# - ENTRADA PRINCIPAL--NOMBRE DE PERSONA
Nombre de persona Osorio García de Oteyza, Carlos
Fechas asociadas al nombre 1958-
9 (RLIN) 239306
Término indicativo de función/relación Autor
245 10 - MENCIÓN DEL TÍTULO
Título Malasaña /
Mención de responsabilidad, etc. Carlos Osorio ; cartografía Rafael Sanz
260 ## - PUBLICACIÓN, DISTRIBUCIÓN, ETC.
Lugar de publicación, distribución, etc. Madrid :
Nombre del editor, distribuidor, etc. Temporae ;
Fecha de publicación, distribución, etc. D.L. 2013.
264 ## - PRODUCCIÓN, PUBLICACIÓN, DISTRIBUCIÓN, FABRICACIÓN Y COPYRIGHT
Producción, publicación, distribución, fabricación y copyright ©2013
300 ## - DESCRIPCIÓN FÍSICA
Extensión 227 páginas :
Otras características físicas ilustrado, planos ;
Dimensiones 17 x 17 cm
336 ## - TIPO DE CONTENIDO
Término de tipo de contenido Imagen (fija ; bidimensional ; visual)
-- Texto (visual)
Fuente isbdcontent
337 ## - TIPO DE MEDIO
Nombre/término del tipo de medio sin mediación
Fuente isbdmedia
338 ## - TIPO DE SOPORTE
Fuente rdacarrier
Nombre/término del tipo de soporte volumen
490 1# - MENCIÓN DE SERIE
Mención de serie Barrios de Madrid
504 ## - NOTA DE BIBLIOGRAFÍA, ETC.
Nota de bibliografía, etc. Bibliografía: páginas 225-227
651 #0 - PUNTO DE ACCESO ADICIONAL DE MATERIA--NOMBRE GEOGRÁFICO
Nombre geográfico Universidad (Madrid, Barrio)-
Subdivisión general Historia
Fuente del encabezamiento o término embne
9 (RLIN) 239307
655 #7 - TERMINO DE INDIZACIÓN--GENERO/FORMA
Fuente del término tgfbne
Datos o término principal de género/forma Libros ilustrados
9 (RLIN) 193653
700 1# - ENTRADA AGREGADA--NOMBRE PERSONAL
Nombre de persona Sanz, Rafael
Término indicativo de función/relación Cartógrafo
9 (RLIN) 241443
852 ## - LOCALIZACIÓN
Ubicación ES-MaACL
Ubicación en estantería Depósito J
Número de control de estantería N-10270
Donativo/Legado Donación: José Lázaro García
Encuadernación Encuadernación rústica con solapas
itemnumber 206396
903 ## - NOMBRE PERSONAL DE DONANTE
9 234219
a Lázaro García, José
e Donante
942 ## - ELEMENTOS DE ENTRADA SECUNDARIOS (KOHA)
Tipo de ítem Koha Libro impreso
Suprimir en OPAC No
Holdings
Estatus retirado Estado de pérdida Fuente del sistema de clasificación o colocación Estado de daño No para préstamo Biblioteca de origen Biblioteca actual Ubicación en estantería Fecha de adquisición Fuente de adquisición Total de préstamos Signatura topográfica completa Código de barras Visto por última vez Precio de reemplazo Tipo de ítem Koha
    Clasificación decimal universal     Biblioteca del Ateneo de Madrid Biblioteca del Ateneo de Madrid Depósito J 29/07/2025 Donación   N-10270 2025-0781 29/07/2025 29/07/2025 Libro impreso